Marvel Movie By Description 1 - Statistics

General Stats
  • This quiz has been taken 69 times
  • The average score is 9 of 10
Answer Stats
Hint Answer % Correct
A group of intergalactic criminals band together to take down one of Thanos' goons. Guardians of the Galaxy
98%
Threatened by Stark's AI, the Avengers must fight back to protect the world... again. Avengers: Age Of Ultron
96%
After the destruction of a small country, the United Nations are forcing the Avengers to sign the Sokovia Accords. When half the group refuses they find themselves fighting with each other. Captain America: Civil War
94%
A genius millionare is in a fight with the government over whether the "weapon" should be in their hands or not. Iron Man 2
92%
After the kings death the prince must take to role as King but his long lost cousin is trying to take control. Black Panther
89%
Imprisoned on the other side of the galaxy, a god must fight in a gladiatorial battle against a former ally. Thor: Ragnarok
89%
On the run, a powerful assassin reunites with her family to take down an evil organization. Black Widow
87%
After the Battle of New York, a variant is detained by the Time Variance Authority. Loki
79%
Main Character is dealing with PTSD and Anxiety from the Battle of New York, meanwhile fighting against an old friend. Iron Man 3
74%
An ex-convict is tasked with taking down a jealous and dangerous business man. Ant-Man
66%
No matching quizzes found
Score Distribution
Percent of People with Each Score
Percentile by Number Answered
Your Score History
You have not taken this quiz